00414nam a22001457a 4500010001500000020003500015035001400050037001300064082001200077100001600089245004300105260004000148270006200188300001800250 aENG-126057 a978-93-8472-668-3c1695.00(hb) aEN-109589 bDBAD/PUB a621.381 aPanday,O.N. aElectronics Engineeringcby O.N.Panday aNew DelhibAne Books Pvt.Ltd.c2018 a4821, Parwana Bhawan 1st Floor 24 Ansari Road, Darya Ganj a401c23cm(hb)